The role of government and the private sector in fighting poverty / (Record no. 18502)

MARC details
000 -LEADER
fixed length control field 01344cam a2200325 a 4500
001 - CONTROL NUMBER
control field 1164735
003 - CONTROL NUMBER IDENTIFIER
control field OSt
005 - DATE AND TIME OF LATEST TRANSACTION
control field 20211116144054.0
008 - FIXED-LENGTH DATA ELEMENTS--GENERAL INFORMATION
fixed length control field 961003s1997 dcua b 000 0 eng
010 ## - LIBRARY OF CONGRESS CONTROL NUMBER
LC control number 96046315
020 ## - INTERNATIONAL STANDARD BOOK NUMBER
International Standard Book Number 082133817X (pbk.)
040 ## - CATALOGING SOURCE
Original cataloging agency DLC
Transcribing agency HU
Modifying agency DLC
043 ## - GEOGRAPHIC AREA CODE
Geographic area code d------
050 00 - LIBRARY OF CONGRESS CALL NUMBER
Classification number HC59.72.P63
Item number P77 1997
082 00 - DEWEY DECIMAL CLASSIFICATION NUMBER
Classification number 362.5/8/091724
Edition number 21
100 1# - MAIN ENTRY--PERSONAL NAME
Personal name Psacharopoulos, George.
9 (RLIN) 18645
245 14 - TITLE STATEMENT
Title The role of government and the private sector in fighting poverty /
Statement of responsibility, etc. George Psacharopoulos, Nguyen Xuan Nguyen.
260 ## - PUBLICATION, DISTRIBUTION, ETC.
Place of publication, distribution, etc. Washington, D.C. :
Name of publisher, distributor, etc. World Bank,
Date of publication, distribution, etc. 1997.
300 ## - PHYSICAL DESCRIPTION
Extent xvi, 81 p. :
Other physical details ill. ;
Dimensions 28 cm.
440 #0 - SERIES STATEMENT/ADDED ENTRY--TITLE
Title World Bank technical paper ;
Volume/sequential designation no. 346
9 (RLIN) 7138
504 ## - BIBLIOGRAPHY, ETC. NOTE
Bibliography, etc. note Includes bibliographical references.
650 #0 - SUBJECT ADDED ENTRY--TOPICAL TERM
Topical term or geographic name entry element Economic assistance, Domestic
Geographic subdivision Developing countries
General subdivision Case studies.
9 (RLIN) 18646
650 #0 - SUBJECT ADDED ENTRY--TOPICAL TERM
Topical term or geographic name entry element Privatization
Geographic subdivision Developing countries
General subdivision Case studies.
9 (RLIN) 18647
650 #0 - SUBJECT ADDED ENTRY--TOPICAL TERM
Topical term or geographic name entry element Non-governmental organizations
Geographic subdivision Developing countries
General subdivision Case studies.
9 (RLIN) 18648
651 #0 - SUBJECT ADDED ENTRY--GEOGRAPHIC NAME
Geographic name Developing countries
General subdivision Economic policy
-- Case studies.
9 (RLIN) 18649
700 1# - ADDED ENTRY--PERSONAL NAME
Personal name Nguyen, Xuan Nguyen.
9 (RLIN) 18650
906 ## - LOCAL DATA ELEMENT F, LDF (RLIN)
a 7
b cbc
c orignew
d 1
e ocip
f 19
g y-gencatlg
942 ## - ADDED ENTRY ELEMENTS (KOHA)
Source of classification or shelving scheme Dewey Decimal Classification
Koha item type Books like text book referance book
Suppress in OPAC No
Holdings
Withdrawn status Lost status Source of classification or shelving scheme Damaged status Not for loan Home library Current library Shelving location Date acquired Total Checkouts Full call number Barcode Date last seen Copy number Price effective from Koha item type
    Dewey Decimal Classification     Social Library Social Library General Stacks 11/16/2021   362.58091724/PSA SHLIB 00003000 11/16/2021 1 11/16/2021 Books like text book referance book
    Dewey Decimal Classification     Social Library Social Library General Stacks 11/16/2021   362.58091724/PSA SHLIB 00003001 11/16/2021 2 11/16/2021 Books like text book referance book
    Dewey Decimal Classification     Social Library Social Library General Stacks 11/16/2021   362.58091724/PSA SHLIB 00003002 11/16/2021 3 11/16/2021 Books like text book referance book
    Dewey Decimal Classification     Social Library Social Library General Stacks 11/16/2021   362.58091724/PSA SHLIB 00003003 11/16/2021 4 11/16/2021 Books like text book referance book
    Dewey Decimal Classification     Social Library Social Library General Stacks 11/16/2021   362.58091724/PSA SHLIB 00003004 11/16/2021 5 11/16/2021 Books like text book referance book